| 000 | 00540nam a2200193 a 4500 | ||
|---|---|---|---|
| 005 | 20140310183223.0 | ||
| 008 | 030908s19uu xx 00 eng d | ||
| 020 | _a9780205340507 | ||
| 050 |
_aBF 698 _b.Al3614 2003 |
||
| 100 | _aAllen, Bem P. | ||
| 245 |
_aPersonality Theories : _bdevelopment, growth, and diversity / _cBem P. Allen. |
||
| 250 | _a4th ed/ | ||
| 260 |
_aBoston : _bAllyn & Bacon, _c2003. |
||
| 300 |
_a533 p. : _bill. ; _c24cm. |
||
| 521 | _aPSYCH | ||
| 650 | _aPersonality | ||
| 942 |
_cBK _2lcc _kFOR |
||
| 999 |
_c20343 _d20343 |
||